| 000 | 00430nam a22001337a 4500 | ||
|---|---|---|---|
| 020 | _a9789332549982 | ||
| 040 | _cNUST | ||
| 082 |
_a602.4 _bLUZ |
||
| 100 |
_aLuzadder, Warren J. & Duff, Jon M. _934530 |
||
| 245 |
_aFundamentals of Engineering Drawing _bwith an introduction to interactive computer graphics for design and production |
||
| 260 |
_aNew Delhi. : _bPearson, _c2018. |
||
| 300 |
_axi, 681p: _c27cm |
||
| 942 |
_2ddc _cBK |
||
| 999 |
_c540488 _d540488 |
||